|
|
|
|
| LEADER |
00000nab a2200000uu 4500 |
| 001 |
vtls010900800 |
| 003 |
SK-MaSNL |
| 005 |
20260304010545.0 |
| 008 |
230222|2012 xo |||||||||||||||||eng| |
| 015 |
|
|
|a SNBRB
|
| 035 |
|
|
|a (urnnbn)urn:nbn:sk:snk:ar-a07m1e
|
| 035 |
|
|
|a (uuid)6f872494-79b7-4c46-a399-030affc0b86c
|
| 035 |
|
|
|a urn:nbn:sk:snk-ab8sfx
|
| 040 |
|
|
|a SNKBUCL
|b slo
|c SNKBUCL
|e AACR2
|
| 041 |
0 |
|
|a eng
|
| 044 |
|
|
|a xo
|c SK
|
| 100 |
1 |
|
|a Kantárová, Daniela,
|d 1980-
|4 aut
|9 201264
|
| 245 |
1 |
0 |
|a GENETIC DETERMINATION AND IMMUNOPATHOGENESIS OF TYPE 1 DIABETES MELLITUS IN HUMANS
|c D. Kantarova, M. Buc, M. Vrlik
|
| 700 |
1 |
|
|a Buc, Milan,
|d 1944-
|4 aut
|9 200548
|
| 700 |
1 |
|
|a Vrlík, Mojmír
|4 aut
|9 641434
|
| 773 |
0 |
|
|t Acta medica Martiniana : journal for biomedical sciences, clinical medicine and nursing
|g Roč. 12, č. 2 (2012), s. 19-31
|
| 958 |
|
|
|a OND
|
| 958 |
|
|
|a EUIPO
|
| 958 |
|
|
|a article10
|
| 999 |
|
|
|c 2561513
|d 2563443
|